000 00523nam a2200169 a 4500
001 000030090
005 20220823125740.0
008 110405s1951 dr a 000 0 spa d
040 _aDO-SdBNP
_bspa
_cBNPHU
041 1 7 _aspa
_2eng
110 2 _aBanco de Reservas de la República Dominicana
_96285
245 1 0 _aInforme anual 1951 =
_bAnnual report year 1951 /.
246 1 0 _aAnnual report year 1951
260 _cSanto Domingo :
_bBanco de Reservas,
_c[1951].
300 _a14 p. :
_bil., gráf. ;
_c28 cm.
049 _aBNPD
999 _c29582
_d29582